000 00774nam a22002777a 4500
005 20260409090621.0
008 260128b2023 |||||||| |||| 00| 0 spa d
020 _a9789287528581
041 _aESP
082 _a617.64 W967d
100 _aWurgaft, Rosita
245 _aDiagnóstico y tratamiento de las patologías de la articulación temporomandibular
260 _aColombia
260 _bAMOLCA
260 _b2023
300 _a292 páginas
300 _bFotografías a color
490 _aMecánica Dental
650 _aORTODONCIA
650 _aARTICULACIÓN TEMPOROMANDIBULAR
650 _aSISTEMA CRANEOMANDIBULAR
650 _aPATOLOGÍA CRANEOFACIAL
650 _aPATOLOGÍA TEMPOROMANDIBULAR
650 _aNERVIO TRIGEMINO
942 _2ddc
_cBK
999 _c13862
_d13862